00556cam a22001697a 4500008004000000020001500040082001500055245011200070260002800182300001000210650002900220650002400249650002900273650003500302650003400337700001500371180718b2004 xxu||||| |||| 00| 0 eng d a8170999499 aB3x54 J199 aCorruption-free sustainable development: challenges and strategies for good governancecedited by R.B. Jain aNew DelhibMittalc2004 a302p. aSustainable development. aBureaucracy - India aEconomic reforms - India aAdministrative reforms - India aPublic administration - India aJain, R.B.